| 000 | 00479nam a2200145Ia 4500 | ||
|---|---|---|---|
| 005 | 20250508072715.0 | ||
| 008 | 240331s9999 xx 000 0 und d | ||
| 082 |
_bTHE _a891 |
||
| 100 | _aThevagowri, M | ||
| 245 | 0 | _aEnpathukalil mallikai vimarsanangal | |
| 260 |
_aJaffna _bMalikai Panthal _c1996 |
||
| 300 | _a132 p ., | ||
| 500 | _aIlathil Thodarchchiya veli vantha malikkai sanchikaiyil 80 kalil veli vantha vimarsanagalap patriya kuripitathakka thoru aayvu nool | ||
| 942 | _cL | ||
| 999 |
_c4327 _d4327 |
||